Central Library OPAC University of Rajshahi

অমুসলিমদের মৌলিক অধিকার প্রতিষ্ঠায় ইসলাম : (Record no. 82975)

MARC details
000 -LEADER
fixed length control field 01619nam a2200265 a 4500
001 - CONTROL NUMBER
RUCL Control Number 82975
003 - CONTROL NUMBER IDENTIFIER
rucl marc code BD-RjUL
005 - DATE AND TIME OF LATEST TRANSACTION
control field 20240206113549.0
008 - FIXED-LENGTH DATA ELEMENTS--GENERAL INFORMATION
fixed length control field 240206s2019 bg ||||| m||| 00| 0 ben d
035 ## - SYSTEM CONTROL NUMBER
system control number (BD-RjUL)82975
040 ## - CATALOGING SOURCE
Original cataloging agency BD-RjUL
Language of cataloging ben/eng
Transcribing agency BD-RjUL
Modifying agency BD-RjUL
041 ## - LANGUAGE CODE
Language code of Book ben
082 ## - DEWEY DECIMAL CLASSIFICATION NUMBER
DDC Edition number 23
Classification number 297.095492
Author mark and Year KHI 2019
100 ## - MAIN ENTRY--PERSONAL NAME
Personal name খান, মো: সেলিম রেজা
9 (RLIN) 2312
245 10 - TITLE STATEMENT
Title অমুসলিমদের মৌলিক অধিকার প্রতিষ্ঠায় ইসলাম :
Remainder of title প্রেক্ষিত বাংলাদেশ /
Statement of responsibility, etc মো: সেলিম রেজা খান
Name of Supervisor/Co-Supervisor তও্বাবধায়ক : মো: শফিকুল ইসলাম
246 ## - VARYING FORM OF TITLE
Title proper/short title Islam in establishing fundamental rights of non-Muslims :
Remainder of title Bangladesh Perspective /
260 ## - PUBLICATION, DISTRIBUTION, ETC. (IMPRINT)
Place of publication, distribution, etc রাজশাহী :
Name of publisher, distributor, etc ইসলামিক স্টাডিজ বিভাগ,রাজশাহী বিশ্ববিদ্যালয়,
Date of publication, distribution, etc ২০১৯
300 ## - PHYSICAL DESCRIPTION
Pagination [১], xi, [১], ২৭৬ পাতা ;
Dimensions ২৯ সেমি.
502 ## - DISSERTATION NOTE
Dissertation note থিসিস(পিএইচ.ডি)-- ইসলামিক স্টাডিজ বিভাগ,রাজশাহী বিশ্ববিদ্যালয়,২০১৯
504 ## - BIBLIOGRAPHY, ETC. NOTE
Bibliography, etc গ্রন্থপঞ্জি: পাতা ২৫৯-২৭৬
650 ## - SUBJECT ADDED ENTRY--TOPICAL TERM
Topical term or geographic name as entry element ইসলাম
General subdivision অমুসলিম
Geographic subdivision বাংলাদেশ
9 (RLIN) 11499
Topical term or geographic name as entry element Islam
General subdivision non-Muslims
Geographic subdivision Bangladesh
9 (RLIN) 11500
700 ## - ADDED ENTRY--SUPERVISOR/CO-SUPERVISOR NAME
Personal name ইসলাম, মো: শফিকুল, তও্বাবধায়ক
9 (RLIN) 11501
942 ## - ADDED ENTRY ELEMENTS (KOHA)
Source of classification or shelving scheme Dewey Decimal Classification
Koha item type Theses
Holdings
Source of classification or shelving scheme Damaged status Not for loan Collection code Permanent Location Current Location Shelving location Date of accession Source of acquisition Total Checkouts Full call number Barcode Date last seen Copy number Thesis
Dewey Decimal Classification   Not For Loan Theses Central Library, University of Rajshahi Central Library, University of Rajshahi Documentation Section 15/02/2023 Controller of Exam. R.U.   BTHE 297.095492 KHI 2019 D4662 06/02/2024 C-1 Theses